Focus (Record no. 79365)

MARC details
000 -LEADER
fixed length control field 01148cab a22002415a 4500
001 - CONTROL NUMBER
control field L140851
008 - FIXED-LENGTH DATA ELEMENTS--GENERAL INFORMATION
fixed length control field 071015e20071013xxk f 000 0 eng d
035 ## - SYSTEM CONTROL NUMBER
System control number (Sirsi) u140851
041 0# - LANGUAGE CODE
Language code of text/sound track or separate title eng
100 1# - MAIN ENTRY--PERSONAL NAME
Personal name Cunningham, Daniel
245 00 - TITLE STATEMENT
Title Focus
Remainder of title North East
260 ## - PUBLICATION, DISTRIBUTION, ETC.
Date of publication, distribution, etc. 2007
490 ## - SERIES STATEMENT
Series statement Estates Gazette
Volume/sequential designation (0741) 13 October 2007, 119-143(17)
520 ## - SUMMARY, ETC.
Summary, etc. Reports that although key sites in Newcastle are available for development, there is some hesitancy in the market. Tesco and Sunderland Arc are still vying for the Vaux Brewery site. Middlesbrough is benefiting from a suite of recent developments. A new tunnel under the Tyne is being planned, which may give rise to property interest further afield. A regeneration project aimed at industrial brownfield sites is being planned by One NorthEast. Examines the effect of the area's high-profile politicians on the region's fortunes.
590 ## - LOCAL NOTE (RLIN)
Local note KA
651 #4 - SUBJECT ADDED ENTRY--GEOGRAPHIC NAME
Geographic name North East
690 ## - LOCAL SUBJECT ADDED ENTRY--TOPICAL TERM (OCLC, RLIN)
Topical term or geographic name as entry element PROPERTY-COMMERCIAL PROPERTY-COMMERCIAL PROPERTY MARKET
700 1# - ADDED ENTRY--PERSONAL NAME
Personal name Morrison, Adrian
700 1# - ADDED ENTRY--PERSONAL NAME
Personal name Taylor, Andrew
700 1# - ADDED ENTRY--PERSONAL NAME
Personal name Payne, Joanne
700 1# - ADDED ENTRY--PERSONAL NAME
Personal name Alexander, Mark
942 ## - ADDED ENTRY ELEMENTS (KOHA)
Suppress in OPAC 0
Holdings
Withdrawn status Lost status Source of classification or shelving scheme Damaged status Not for loan Home library Current library Shelving location Date acquired Total Checkouts Full call number Barcode Date last seen Copy number Price effective from Koha item type
    Dewey Decimal Classification     London London Journal article 15/10/2007   L140851 140851-1001 06/08/2019 1 06/08/2019 Journal article